=LDR 00000nam 2200000 4500 =001 INLIS000000000055828 =005 20200728101401 =035 ##$$a 0010-0720000132 =007 ta =008 200728###########################0#eng## =082 ##$$a 641.509 44 =084 ##$$a 641.509 44 Cla c =245 1#$$a Classic frencb cooking /$c Claiborne Craig, Pierre Franey =300 ##$$a 208 halaman : $b Ilustrasi ; $c 24 Cm. =500 ##$$a Indeks : halaman 200 - 206 =650 #4$$a Masakan Prancis =264 ##$$a Nederland :$b Time-Life International,$c 1972 =336 ##$$a teks$2 rdacontent =337 ##$$a lain-lain$2 rdamedia =338 ##$$a lain-lain$2 rdacarrier =990 ##$$a 03530353